Kliknij oś czasu: Niepodległość państw - Statystyki

Ogólne statystyki
  • Ten quiz został rozwiązany 47 razy
  • Średni wynik to 6 z 12
Odpowiedzi na mapie
Odpowiedzi zakodowano w zielono-czerwonej skali na mapie do tego quizu, zgodnie z poniższymi procentami.
 
Statystyki odpowiedzi
Odpowiedź % Poprawnych
Stany Zjednoczone
87%
Sudan Południowy
79%
Erytrea
56%
Meksyk
54%
Indie
51%
Demokratyczna Republika Konga
49%
Kanada
49%
Bangladesz
44%
Turcja
41%
Brazylia
38%
Kuba
38%
Liberia
31%
Nie znaleziono quizów pasujących do podanych kryteriów
Rozkład punktacji
Procent ludzi z każdym wynikiem
Percentyl według liczby udzielonych odpowiedzi
Twoja historia wyników
Nie rozwiązałeś tego quizu